000 00440nmm a2200145Ia 4500
008 251105s9999||||xx |||||||||||||||||und||
041 _aspa
100 _aManríquez Hernández, Lorena
245 0 _aPermiso para vivir
264 _a[Santiago de Chile, Chile] :
_bRil editores,
_c2024
300 _a88 páginas
650 _aSelf-help and personal development
856 _uhttps://public.digitaliapublishing.com/a/172331
942 _cCF
999 _c106918
_d106918